Capoluoghi di Provincia e Regioni - Quiz n°9 - Statistics

Statistiche generali
  • Questo quiz è stato fatto 39 volte
  • Il punteggio medio è 9 su 10
Statistiche sulle risposte
Hint Risposta % Corretto
Treviso Veneto
100%
Pavia Lombardia
97%
Chieti Abruzzo
94%
Salerno Campania
94%
Savona Liguria
94%
Mantova Lombardia
94%
Campobasso Molise
94%
Isernia Molise
94%
Udine Friuli-Venezia Giulia
91%
Vercelli Piemonte
91%
Nessun quiz corrispondente trovato
Distribuzione punteggi
Percentuale di utenti per punteggio
Percentile per numero di risposta
I tuoi punteggi nel tempo
Non hai fatto questo quiz